Statistics for Top 10 Coldest Asian Countries

Click here to take the quiz!

General Stats

  • This quiz has been taken 30,787 times
  • The average score is 8 of 10

Answer Stats

° C Country % Correct
-0.70Mongolia
96%
6.95China
94%
6.40Kazakhstan
92%
8.10Nepal
86%
5.70North Korea
85%
2.00Tajikistan
78%
1.55Kyrgyzstan
76%
7.40Bhutan
72%
5.80Georgia
71%
7.15Armenia
68%

Score Distribution

Percentile by Number Answered

Percent of People with Each Score

Your Score History

You have not taken this quiz